000
00248nam a2200109Ia 4500
008
191201s2019 xx 000 0 und d
100
_a
NARAYANA, KL
245
0
_a
Production Technology
260
_b
I k
_a
New Delhi
300
_a
302
942
_2
ddc
_c
BK
999
_c
8179
_d
8179